| 000 | 00907 a2200253 4500 | ||
|---|---|---|---|
| 003 | Nust | ||
| 005 | 20230303091630.0 | ||
| 010 | _a 95079140 | ||
| 020 | _a0669332003 | ||
| 035 | _a(OCoLC)35096349 | ||
| 040 | _cNust | ||
| 082 | 0 | 0 | _a320.321,MAN |
| 245 | 0 | 0 |
_aIntroduction to comparative politics / _cgeneral editors Mark Kesselman, Joel Krieger, William A. Joseph. |
| 250 | _a4th ed | ||
| 260 |
_aLexington, Mass. : _bD. C. Heath, _cc1996. |
||
| 300 |
_axxiv, 741, 29 p. : _bill., maps ; _c24 cm. |
||
| 505 | _aPart-I Introduction (Page-2), Part-2 Consolidated (Page-36), Part-3 Transitional Democracies (Page-352), Part-4 Authoritarian Regimes (Page- 576). | ||
| 650 | 0 |
_aComparative economics. _9105456 |
|
| 650 | 0 |
_aComparative government. _91703 |
|
| 700 | 1 |
_aJoseph, William A. _9105252 |
|
| 700 | 1 |
_aKesselman, Mark. _942721 |
|
| 700 | 1 |
_aKrieger, Joel, _d1951- _9105253 |
|
| 942 |
_2ddc _cBK |
||
| 999 |
_c184913 _d184913 |
||